000 00422nab a2200145Ia 4500
003 ES-SlBCS
005 20210601125450.0
008 140529s1981-82 xxu||||| |||| 00| 0 eng d
041 _aeng
100 1 _aCooper, John
_9158972
245 0 4 _aThe Gorgias and Irwin's Socrates
_c John Cooper
650 0 4 _aGorgias-Sócrates
_9158973
773 0 _tReview of Methaphysics
_gvol. 35, 1981-82, págs. 577-588
_wRev843
942 _cAR
999 _c530772
_d530772